00866nam a22002417a 450000500170000001000130001702000250003003500130005503700160006804000120008408200170009624500710011326000470018427000650023130000270029650000400032365000300036365000340039370000250042794200250045299900190047795201280049620170124105914.0 aB-089298 c00.00a9789715615031 aB-089298 bCen Lib/Ret aDPLbEN a332.15 bLOC aLocal government finance and bond market /cedited by Yun-Hwan Kim aPhilippines bAsian Development Bankc2003 bAsian Development Bank, P.O. Box, 0980, Manila aPhilippines axxii, 566p.c23cm(pbk) aIncludes bibliographical reference  aFinancial economics91790 aMunicipal Credit Market91791 aKim,Yun-Hwan9105253 2ddccENh332.15mLOC c122699d122699 001040718REFaLbLd2015-05-29eCen Lib/Retg0.00l0o332.15 LOCpB-089298r2015-05-29 00:00:00t1v0.00w2016-09-15yEN